| 000 | 00618nam a2200217Ia 4500 | ||
|---|---|---|---|
| 003 | OSt | ||
| 005 | 20221007083007.0 | ||
| 006 | a|||||r|||| 00| 0 | ||
| 007 | ta | ||
| 008 | 221006b |||||||| |||| 00| 0 eng d | ||
| 024 | _a45,688 | ||
| 037 | _cDissertations | ||
| 040 |
_aFLL _cFLL _beng |
||
| 041 |
_2eng _aeng |
||
| 100 |
_aTANDON Aishwarya _9700021 |
||
| 245 | 0 |
_aLegal and regulatory landscape for refugees in India _b a study with specific focus on Tibetan refugees in New Delhi |
|
| 260 | _c2018 | ||
| 300 |
_a104p. _ccm. |
||
| 942 |
_cDIS _2CC |
||
| 999 |
_c1168430 _d1168430 |
||